Pays mentionnés dans la page Wikipédia de l'Allemagne - Statistiques

Statistiques générales
  • Ce quiz a été pris 84 fois
  • Le résultat moyen est 16 sur 23
Statistiques - réponses
Fréquence Contexte Pays % Correct
11 Est frontalier avec... France
100%
5 Le 1er septembre 1939, l'Allemagne a envahi... Pologne
97%
10 Annexé ... en 1938 Autriche
96%
6 Second pays le plus peuplé d'Europe après ... Russie
95%
3 Au printemps 1940, l'Allemagne a conquis ... Belgique
92%
1 Les secteurs de l'Ouest de Berlin, contrôlés par les ... Royaume-Uni
89%
5 Après les ....l'Allemagne est la deuxième destination d'immigration la plus destination d'immigration dans le monde États-Unis
88%
3 Augmentation des dépenses militaires en réponse à l'invasion russe de 2022 ... Ukraine
85%
3 Au printemps 1940, l'Allemagne a conquis ... Luxembourg
84%
3 A subi des défaites militaires après l'invasion des Alliés ... en 1943 Italie
83%
3 Est frontalier avec ... Suisse
83%
3 Au printemps 1940, l'Allemagne a conquis ... Pays-Bas
81%
4 Au printemps 1940, l'Allemagne a conquis ... Danemark
79%
2 Est frontalier avec ... République Tchèque
79%
2 En 1989, des milliers d'Allemands de l'Est ont fui l'Allemagne vers ..... Hongrie
71%
1 L'assassinat du 28 juin 1914 a servi de prétexte à l'attaque ... Serbie
61%
1 Au printemps 1940, l'Allemagne a conquis ... Norvège
60%
1 La plupart des immigrés musulmans sunnites viennent en Allemagne de ... Turquie
60%
2 Après 1884, il a élargi son empire colonial pour y inclure des possessions dans le Pacifique et la mer du Nord ...... Chine
44%
1 En 1941, les troupes allemandes ont envahi ... Grèce
44%
1 Le gouvernement colonial du Sud-Ouest africain, aujourd'hui .... Namibie
35%
2 Envoi de troupes de maintien de la paix... Afghanistan
16%
1 Envoi de troupes de maintien de la paix... Kosovo
15%
Aucun quiz correspondant
Distribution des résultats
% des personnes avec chaque résultat
Percentile par nombre de réponses
Votre historique - résultats
Vous n’avez pas pris ce quiz